|
|
|
|
| LEADER |
00000nam a2200000Ii 4500 |
| 001 |
DIGBURIDAN0054 |
| 003 |
NyNyDIG |
| 006 |
m o d |
| 007 |
cr ||||||||||| |
| 008 |
221003s2014 sp a ob 001 0 spa d |
| 035 |
|
|
|a (OCoLC)1350506335
|
| 040 |
|
|
|a DGITA
|b eng
|e rda
|e pn
|c DGITA
|
| 020 |
|
|
|z 9788494263811
|
| 041 |
1 |
|
|a spa
|h fre
|
| 050 |
1 |
4 |
|a Q175 ebook
|
| 100 |
1 |
|
|a Trinh, Xuan Thuan,
|e author.
|
| 240 |
1 |
0 |
|a Désir d'infini.
|l Spanish
|s (Sarret)
|
| 245 |
1 |
0 |
|a Deseo de infinito :
|b sobre cifras, universos y hombres /
|c Trinh Xuan Thuan ; traducción de Josep Sarret Grau.
|
| 264 |
|
1 |
|a [Vilassar de Dalt, Barcelona] :
|b Biblioteca Buridán,
|c [2014]
|
| 300 |
|
|
|a 1 online resource :
|b illustrations.
|
| 336 |
|
|
|a text
|b txt
|2 rdacontent
|
| 337 |
|
|
|a computer
|b c
|2 rdamedia
|
| 338 |
|
|
|a online resource
|b cr
|2 rdacarrier
|
| 347 |
|
|
|a text file
|2 rdaft
|
| 347 |
|
|
|b PDF
|
| 504 |
|
|
|a Includes bibliographical references and index.
|
| 588 |
0 |
|
|a Online resource; title from PDF title page (Digitalia, viewed October 3, 2022)
|
| 650 |
|
0 |
|a Science
|x Philosophy.
|
| 650 |
|
0 |
|a Infinite.
|
| 650 |
|
0 |
|a Philosophy and science.
|
| 655 |
|
0 |
|a Electronic books.
|
| 700 |
1 |
|
|a Sarret, Josep,
|e translator.
|
| 700 |
1 |
|
|i Translation of:
|a Trinh, Xuan Thuan.
|t Désir d'infini.
|
| 791 |
2 |
|
|a Digitalia (Firm),
|e distributor.
|
| 793 |
0 |
|
|g Digitalia eBook Collection:
|a Biblioteca Buridán
|
| 776 |
0 |
8 |
|i Print version:
|a Trinh, Xuan Thuan.
|s Désir d'infini. Spanish (Sarret).
|t Deseo de infinito.
|d [Vilassar de Dalt, Barcelona] : Biblioteca Buridán, [2014]
|z 9788494263811
|
| 856 |
4 |
0 |
|3 Digitalia Hispánica
|u https://www.digitaliapublishing.com/a/103967/
|
| 910 |
|
|
|a Premium collection: 2022
|